01927nam a2200373 a 450000100060000000300080000600500170001400800390003102000150007002000150008503500190010004000310011904100080015008200260015811101210018424503040030526000560060930000300066549000390069550000240073450000190075850400510077750500330082865000470086165000420090871000470095083000180099783000280101594200120104399900170105595201600107295201600123295201610139210049BD-RUCL20211208234902.0140122m19771976au b i100 0 eng a9201300770 a9201300778 a(BD-RUCL)10096 aDLCcBD-RUCLdBD-RUCLbeng aeng 223a539.764bCOP 19772 aConference on Plasma Physics and Controlled Nuclear Fusion Researchn(6th :d1976 :cBerchtesgaden, Germany)916012410aPlasma physics and controlled nuclear fusion research, 1976 :bproceedings of the sixth International Conference on plasma physics and controlled Nuclear Fusion Research held by the International Atomic Energy Agency at Berchtesgaden, 6-13 Oct. 1976. /cInternational Atomic Energy Agency, Vienna. aVienna :bInternational Atomic Energy Agency,c1977 a[8],614,[2] p. ;c24 cm.1 aNuclear fusion. Supplement ;v1977 a"In three volumes". a"STI/PUB/439". aIncludes bibliographical references and index. aVol. 1-- Vol. II ...Vol. III 0aPlasma (Ionized gases)vCongresses.928377 0aControlled fusionvCongresses.9283782 aInternational Atomic Energy Agency.920640 0v1977.9213124 0aNuclear fusion.9160127 2ddccBK c10049d10049 00102ddc40708NFICaRUCLbRUCLcStackd1977-12-08eInternational Atomic Energy Agencyl0o539.764 COP V-3 1977r2014-01-22 00:00:00tC-2w2021-12-08yBK 00102ddc40708NFICaRUCLbRUCLcStackd1977-12-08eInternational Atomic Energy Agencyl0o539.764 COP V-2 1977r2016-10-23 00:00:00tC-3w2016-10-23yBK 00102ddc40718NFICaRUCLbRUCLcReadingd1977-11-03eInternational Atomic energyg0.00l0o539.764 COP V-1 1977r2017-05-13 00:00:00tC-1w2017-05-13yBK